000 00599nam a2200229Ia 4500
003 OSt
005 20220918200820.0
006 a|||||r|||| 00| 0
007 ta
008 220917b |||||||| |||| 00| 0 eng d
024 _a90,392
037 _cTextual
040 _aARTS
_cARTS
_beng
041 _2eng
_aeng
082 _aU8:5:N30, G7
100 _aPandit Raghunathrao Shankarrao
_995665
245 0 _aTwenty one weeks in Europe 1930
260 _c1937
650 _aGEOGRAPHY
942 _hU8:5:N30, G7
_cTEXL
_2CC
999 _c214057
_d214057